00770nam a22001815i 4500001000700000003000900007005001700016008004100033040003000074100004000104245010600144260007800250300002800328650003800356852004900394999001900443952012600462168007ES-MaACL20251004063218.0020820s1887 fr |||| | fre d aCCPB | B bspa cCCPB | B1 aWorms, Émile, d1838-1918913396610aDe la liberté d'association au point de vue du droit public a travers les âges / cÉmile Worms. aParis : bDentu et c\pie\s, éditeurs, c1887 (fImprimerie Paul Dupont) aVIII, 383 p. ; c22 cm. 4aLibertad de asociación.9136406 aES-MaACLjF-10235 z-- Enc. pasta española c168007d168007 001040708LIBXIXaATENEOMbATENEOMcSPP2d2008-01-17eSSCl0oF-10235p1176256r2023-02-23 00:00:00w2023-02-23yMONANT